000 00640nam a2200217Ia 4500
005 20241129111001.0
008 241129s9999||||xx |||||||||||||| ||und||
020 _a978-93-94262-26-3
037 _aTB
040 _aCRL
_beng
_cCRL
041 _aeng
_2eng
084 _aV217.N R2
_qCRL
100 _aMore J. B. P. Au.
_940891
245 0 _aTowards freedom in Pondicherry: society, economy and politics under french rule (1816 - 1962)
_cMore J. B. P. Au.
260 _aDelhi, India
_bMoanohar
_c2022
300 _a456p.
365 _aINR
_b2300
650 _a History
942 _cTB
_hV217.N R2
999 _c1228398
_d1228398